Mitos y supersticiones recogidos de la tradición oral chilena con referencias comparativas a los de otros países latinos

Wedi'i Gadw mewn:
Manylion Llyfryddiaeth
Prif Awdur: Vicuña Cifuentes, Julio (Awdur)
Fformat: Llyfr
Iaith:Sbaeneg
Cyhoeddwyd: Londres Forgotten Books Ltd 2018
Rhifyn:1a. ed
Cyfres:Estudios de Folklore Chileno
Pynciau:
Tagiau: Ychwanegu Tag
Dim Tagiau, Byddwch y cyntaf i dagio'r cofnod hwn!

MARC

LEADER 00000cam a2200000 a 4500
001 UCC7113
003 CL-VaPUC
008 190304e20180000uk |||||||||||||||||spa|d
020 |a 9781390444537 
082 0 4 |a 398.20983  |b VIC  |2 21 
100 0 |a Vicuña Cifuentes, Julio  |e author  |9 390304 
245 1 0 |a Mitos y supersticiones recogidos de la tradición oral chilena con referencias comparativas a los de otros países latinos 
250 |a 1a. ed 
300 |a 342 p 
942 |c BK 
945 |d 20190304 12:48:00  |a dcastane 
260 |a Londres  |b Forgotten Books Ltd  |c 2018 
500 |a Ejemplar facsimilar de edición de 1915 
650 0 |a Folklore chileno  |9 265536 
650 0 |a Tradición oral   |9 321175 
650 7 |a MITOLOGIA CHILENA  |2 CL-VaPUC  |9 473089 
583 |a last modification  |c 20190304 12:48:00  |k Rodrigo Vera 
490 0 |a Estudios de Folklore Chileno 
999 |c 373848  |d 373846 
952 |0 0  |1 0  |3 erb  |4 0  |6 398_209830000000000_VIC_2018  |7 0  |8 R  |9 492095  |a BIBEDU  |b BIBEDU  |i 5533953  |o 398.20983 VIC 2018  |p 5533953  |r 2023-01-12  |w 2019-11-24  |y BK_R  |z Catalogado en:20190304  |k MUS